|
|
|
|
| LEADER |
00877nam a2200277 a 4500 |
| 001 |
000034371 |
| 003 |
CZ BrMZK |
| 005 |
20130510094505.0 |
| 007 |
ta |
| 008 |
950313s1989 fr f fre d |
| 020 |
|
|
|a 2-7073-1278-9
|
| 040 |
|
|
|a BOA001
|b cze
|
| 080 |
|
|
|a 378:342
|2 MRF
|
| 100 |
1 |
|
|a Bourdieu, Pierre,
|d 1930-2002
|7 jn20010602372
|4 aut
|
| 245 |
1 |
3 |
|a La noblesse d'État :
|b grandes écoles et esprit de corps /
|c Pierre Bourdieu.
|
| 260 |
|
|
|a Paris :
|b Éditions de Minuit,
|c 1989
|
| 300 |
|
|
|a 568 s. :
|b tab., grafy.
|
| 490 |
1 |
|
|a Le sens commun
|
| 541 |
|
|
|a Prague, Ambassade de France
|
| 653 |
0 |
|
|a stát
|a vysoké školy
|
| 830 |
|
0 |
|a Sens commun
|
| 910 |
|
|
|a BOA001
|b 2-1013.561
|
| 962 |
|
|
|a 378
|
| 964 |
|
|
|a Školy vysoké
|x stát
|x vlivy
|
| 990 |
|
|
|a BK
|
| 996 |
7 |
|
|b 2610026886
|c 2-1013.561
|l MZK
|r Sklad / do 1 hodiny
|n 12
|p dar
|w 000034371
|u 000010
|a 1
|e BOA001
|j MZK50
|s A
|